<?xml version="1.0" encoding="UTF-8"?>
<record
    xmlns:xsi="http://www.w3.org/2001/XMLSchema-instance"
    xsi:schemaLocation="http://www.loc.gov/MARC21/slim http://www.loc.gov/standards/marcxml/schema/MARC21slim.xsd"
    xmlns="http://www.loc.gov/MARC21/slim">

  <leader>01133nam a2200229Ia 4500</leader>
  <datafield tag="999" ind1=" " ind2=" ">
    <subfield code="c">37481</subfield>
    <subfield code="d">37481</subfield>
  </datafield>
  <controlfield tag="001">3443</controlfield>
  <controlfield tag="003">GE_BSU</controlfield>
  <controlfield tag="005">20221028124452.0</controlfield>
  <controlfield tag="008">181216s1994ru  xx |||||||||||||| ||rus||</controlfield>
  <datafield tag="040" ind1=" " ind2=" ">
    <subfield code="c">GE_BSU</subfield>
  </datafield>
  <datafield tag="041" ind1=" " ind2=" ">
    <subfield code="a">rus</subfield>
  </datafield>
  <datafield tag="080" ind1=" " ind2=" ">
    <subfield code="a">634.32 &#x414;-40</subfield>
  </datafield>
  <datafield tag="100" ind1=" " ind2=" ">
    <subfield code="a">&#x414;&#x436;&#x438;&#x43D;&#x447;&#x430;&#x440;&#x430;&#x434;&#x437;&#x435;, &#x413;&#x438;&#x432;&#x438;. </subfield>
    <subfield code="9">15631</subfield>
  </datafield>
  <datafield tag="245" ind1=" " ind2=" ">
    <subfield code="a">&#x41D;&#x430;&#x443;&#x447;&#x43D;&#x44B;&#x435; &#x43E;&#x441;&#x43D;&#x43E;&#x432;&#x44B; &#x438;&#x43D;&#x442;&#x435;&#x43D;&#x441;&#x438;&#x432;&#x43D;&#x43E;&#x439; &#x442;&#x435;&#x445;&#x43D;&#x43E;&#x43B;&#x43E;&#x433;&#x438;&#x438; &#x43C;&#x430;&#x442;&#x43E;&#x447;&#x43D;&#x43E;&#x433;&#x43E; &#x43C;&#x430;&#x43D;&#x434;&#x430;&#x440;&#x438;&#x43D;&#x43E; &#x432;&#x43E;&#x433;&#x43E; &#x441;&#x430;&#x434;&#x430;      /</subfield>
    <subfield code="c"> &#x413;&#x438;&#x432;&#x438; &#x414;&#x436;&#x438;&#x43D;&#x447;&#x430;&#x440;&#x430;&#x434;&#x437;&#x435;, &#x420;&#x435;&#x437;&#x43E;  &#x414;&#x436;&#x430;&#x431;&#x43D;&#x438;&#x434;&#x437;&#x435;, &#x420;&#x435;&#x434;. &#x41C;. &#x413;&#x43E;&#x433;&#x43E;&#x43B;&#x438;&#x448;&#x432;&#x438;&#x43B;&#x438;</subfield>
  </datafield>
  <datafield tag="264" ind1=" " ind2=" ">
    <subfield code="a">&#x411;&#x430;&#x442;&#x443;&#x43C;&#x438; :</subfield>
    <subfield code="b">&#x410;&#x434;&#x436;&#x430;&#x440;&#x430;,</subfield>
    <subfield code="c">1994.</subfield>
  </datafield>
  <datafield tag="300" ind1=" " ind2=" ">
    <subfield code="a">231 &#x441;.:</subfield>
    <subfield code="b"> 20 &#x441;&#x43C;.</subfield>
  </datafield>
  <datafield tag="653" ind1=" " ind2=" ">
    <subfield code="a">&#x41D;&#x430;&#x443;&#x447;&#x43D;&#x44B;&#x435; &#x43E;&#x441;&#x43D;&#x43E;&#x432;&#x44B; &#x438;&#x43D;&#x442;&#x435;&#x43D;&#x441;&#x438;&#x432;&#x43D;&#x43E;&#x439; &#x442;&#x435;&#x445;&#x43D;&#x43E;&#x43B;&#x43E;&#x433;&#x438;&#x438; &#x43C;&#x430;&#x442;&#x43E;&#x447;&#x43D;&#x43E;&#x433;&#x43E; &#x43C;&#x430;&#x43D;&#x434;&#x430;&#x440;&#x438;&#x43D;&#x43E;&#x432;&#x43E;&#x433;&#x43E; &#x441;&#x430;&#x434;&#x430;</subfield>
  </datafield>
  <datafield tag="653" ind1=" " ind2=" ">
    <subfield code="a">&#x10DB;&#x10D0;&#x10DC;&#x10D3;&#x10D0;&#x10E0;&#x10D8;&#x10DC;&#x10D8;&#x10E1; &#x10D1;&#x10D0;&#x10E6;&#x10D8;&#x10E1; &#x10D8;&#x10DC;&#x10E2;&#x10D4;&#x10DC;&#x10E1;&#x10D8;&#x10E3;&#x10E0;&#x10D8; &#x10E2;&#x10D4;&#x10E5;&#x10DC;&#x10DD;&#x10DA;&#x10DD;&#x10D2;&#x10D8;&#x10D8;&#x10E1; &#x10E1;&#x10D0;&#x10DB;&#x10D4;&#x10EA;&#x10DC;&#x10D8;&#x10D4;&#x10E0;&#x10DD; &#x10E1;&#x10D0;&#x10E4;&#x10E3;&#x10EB;&#x10D5;&#x10D4;&#x10DA;&#x10D8;</subfield>
  </datafield>
  <datafield tag="700" ind1=" " ind2=" ">
    <subfield code="a"> &#x414;&#x436;&#x430;&#x431;&#x43D;&#x438;&#x434;&#x437;&#x435;, &#x420;&#x435;&#x437;&#x43E;.</subfield>
    <subfield code="9">15632</subfield>
  </datafield>
  <datafield tag="700" ind1=" " ind2=" ">
    <subfield code="a"> &#x413;&#x43E;&#x433;&#x43E;&#x43B;&#x438;&#x448;&#x432;&#x438;&#x43B;&#x438;,  &#x41C;.</subfield>
    <subfield code="e">&#x10E0;&#x10D4;&#x10D3;&#x10D0;&#x10E5;&#x10E2;&#x10DD;&#x10E0;&#x10D8;</subfield>
    <subfield code="9">15633</subfield>
  </datafield>
  <datafield tag="942" ind1=" " ind2=" ">
    <subfield code="c">BK</subfield>
    <subfield code="2">udc</subfield>
  </datafield>
  <datafield tag="952" ind1=" " ind2=" ">
    <subfield code="0">0</subfield>
    <subfield code="1">0</subfield>
    <subfield code="2">udc</subfield>
    <subfield code="4">0</subfield>
    <subfield code="6">63432_&#x414;40</subfield>
    <subfield code="7">0</subfield>
    <subfield code="9">37644</subfield>
    <subfield code="a">CPL</subfield>
    <subfield code="b">CPL</subfield>
    <subfield code="c">GEN</subfield>
    <subfield code="d">2018-12-17</subfield>
    <subfield code="o">634.32 &#x414;-40</subfield>
    <subfield code="p">4952</subfield>
    <subfield code="r">2018-12-17</subfield>
    <subfield code="t">4952</subfield>
    <subfield code="w">2018-12-17</subfield>
    <subfield code="y">BK</subfield>
  </datafield>
  <datafield tag="952" ind1=" " ind2=" ">
    <subfield code="0">0</subfield>
    <subfield code="1">0</subfield>
    <subfield code="2">udc</subfield>
    <subfield code="4">0</subfield>
    <subfield code="6">63432_&#x414;40</subfield>
    <subfield code="7">0</subfield>
    <subfield code="9">37645</subfield>
    <subfield code="a">CPL</subfield>
    <subfield code="b">CPL</subfield>
    <subfield code="c">GEN</subfield>
    <subfield code="d">2018-12-17</subfield>
    <subfield code="o">634.32 &#x414;-40</subfield>
    <subfield code="p">4953</subfield>
    <subfield code="r">2018-12-17</subfield>
    <subfield code="t">4953</subfield>
    <subfield code="w">2018-12-17</subfield>
    <subfield code="y">BK</subfield>
  </datafield>
  <datafield tag="952" ind1=" " ind2=" ">
    <subfield code="0">0</subfield>
    <subfield code="1">0</subfield>
    <subfield code="2">udc</subfield>
    <subfield code="4">0</subfield>
    <subfield code="6">63432_&#x414;40</subfield>
    <subfield code="7">0</subfield>
    <subfield code="9">37646</subfield>
    <subfield code="a">CPL</subfield>
    <subfield code="b">CPL</subfield>
    <subfield code="c">GEN</subfield>
    <subfield code="d">2018-12-17</subfield>
    <subfield code="o">634.32 &#x414;-40</subfield>
    <subfield code="p">4954</subfield>
    <subfield code="r">2018-12-17</subfield>
    <subfield code="t">4954</subfield>
    <subfield code="w">2018-12-17</subfield>
    <subfield code="y">BK</subfield>
  </datafield>
  <datafield tag="952" ind1=" " ind2=" ">
    <subfield code="0">0</subfield>
    <subfield code="1">0</subfield>
    <subfield code="2">udc</subfield>
    <subfield code="4">0</subfield>
    <subfield code="6">63432_&#x414;40</subfield>
    <subfield code="7">0</subfield>
    <subfield code="9">37647</subfield>
    <subfield code="a">CPL</subfield>
    <subfield code="b">CPL</subfield>
    <subfield code="c">GEN</subfield>
    <subfield code="d">2018-12-17</subfield>
    <subfield code="o">634.32 &#x414;-40</subfield>
    <subfield code="p">4955</subfield>
    <subfield code="r">2018-12-17</subfield>
    <subfield code="t">4955</subfield>
    <subfield code="w">2018-12-17</subfield>
    <subfield code="y">BK</subfield>
  </datafield>
  <datafield tag="952" ind1=" " ind2=" ">
    <subfield code="0">0</subfield>
    <subfield code="1">0</subfield>
    <subfield code="2">udc</subfield>
    <subfield code="4">0</subfield>
    <subfield code="6">63432_&#x414;40</subfield>
    <subfield code="7">0</subfield>
    <subfield code="9">37648</subfield>
    <subfield code="a">CPL</subfield>
    <subfield code="b">CPL</subfield>
    <subfield code="c">GEN</subfield>
    <subfield code="d">2018-12-17</subfield>
    <subfield code="o">634.32 &#x414;-40</subfield>
    <subfield code="p">4956</subfield>
    <subfield code="r">2018-12-17</subfield>
    <subfield code="t">4956</subfield>
    <subfield code="w">2018-12-17</subfield>
    <subfield code="y">BK</subfield>
  </datafield>
</record>
